El cáncer de la sociedad
Salvato in:
| Autore principale: | |
|---|---|
| Natura: | Libro |
| Lingua: | spagnolo |
| Pubblicazione: |
Buenos Aires
Sebastián de Amorrortu
1932
|
| Soggetti: | |
| Tags: |
Aggiungi Tag
Nessun Tag, puoi essere il primo ad aggiungerne!!
|
MARC
| LEADER | 00000nam a2200000 a 4500 | ||
|---|---|---|---|
| 001 | UCR4189 | ||
| 003 | CL-VaPUC | ||
| 008 | 980307e19320000AG |||||||||||||||||spa|d | ||
| 082 | 0 | 4 | |a 306.89 |b BAS |2 21 |
| 100 | 0 | |a Bas, Arturo M |e author |9 403907 | |
| 245 | 1 | 3 | |a El cáncer de la sociedad |
| 300 | |a 255 p | ||
| 942 | |c BK | ||
| 945 | |d 19980307 00:00:00 |a cmena | ||
| 260 | |a Buenos Aires |b Sebastián de Amorrortu |c 1932 | ||
| 500 | |a Donación del padre Enrique Pascal García Huidobro | ||
| 650 | 0 | |a Divorcio |9 256204 | |
| 650 | 0 | |a Derecho de familia |9 255603 | |
| 650 | 7 | |a MATRIMONIO |2 CL-VaPUC |9 403908 | |
| 650 | 0 | |a Aspectos sociales |9 254894 | |
| 650 | 7 | |a DISOLUCION DEL MATRIMONIO |2 CL-VaPUC |9 335077 | |
| 583 | |a last modification |c 19980307 00:00:00 |k Rodrigo Vera | ||
| 999 | |c 267140 |d 267138 | ||
| 952 | |0 0 |1 0 |4 0 |6 306_890000000000000_BAS_1932 |7 0 |8 X |9 299335 |a BIBDER |b BIBDER |d 2019-11-20 |i 195850K |o 306.89 BAS 1932 |p 195850K |r 2023-01-25 |w 2019-11-20 |y BK_X |k DER | ||